Statistics for Religions of the UK

Click here to take the quiz!

General Stats

  • This quiz has been taken 146 times
    (115 since last reset)
  • The average score is 6 of 10

Answer Stats

PercentageReligion% Correct
19.9%Anglican Christian
98%
8.6%Catholic Christian
94%
0.9%Hindu
75%
0.4Judaism
70%
1.2%Shia Islam
57%
50.7%No Religion
56%
1.2%Sunni Islam
56%
0.8%Sikh
53%
1.3%Methodist Christian
27%
2.2%Presbyterian Christian
20%

Score Distribution

Percentile by Number Answered

Percent of People with Each Score

Your Score History

You have not taken this quiz since the last reset